=LDR 00000nam 2200000 4500 =001 INLIS000000000040975 =005 20130612150529 =008 ***********************************ind** =035 ##$$0010-061300000040975 =041 ##$$a ind =082 ##$$a 641.5 =090 ##$$a 641.5, Suc s =100 ##$$a SUCHAN, Lanny =245 ##$$a Seri usaha boga, Lanny soechan =260 ##$$a 2009 $b Jakarta =300 ##$$a 32 Hlm, Ilus, 22 cm =650 ##$$a MASAKAN - RESEP =850 ##$$a NBPNMAT =990 ##$$a 2090100745/BPAP-NTB/2015 =990 ##$$a 2090101565/BPAP-NTB/2015 =990 ##$$a 0001/BPAP-NTB/2016